A short history of the judicial systems of India and some foreign countries. (Record no. 83407)

MARC details
000 -LEADER
fixed length control field 00694cam a22002531 4500
001 - CONTROL NUMBER
control field sa 68010478
003 - CONTROL NUMBER IDENTIFIER
control field DLC
005 - DATE AND TIME OF LATEST TRANSACTION
control field 20260227112552.0
008 - FIXED-LENGTH DATA ELEMENTS--GENERAL INFORMATION
fixed length control field 710426s1968 ii b 000 0 eng
010 ## - LIBRARY OF CONGRESS CONTROL NUMBER
LC control number sa 68010478
025 ## - OVERSEAS ACQUISITION NUMBER
Overseas acquisition number PL480: I-E-10999
040 ## - CATALOGING SOURCE
Original cataloging agency DLC
Transcribing agency DLC
Modifying agency DLC
043 ## - GEOGRAPHIC AREA CODE
Geographic area code a-ii---
050 00 - LIBRARY OF CONGRESS CALL NUMBER
Classification number KNS3407
Item number .D83 1968
082 00 - DEWEY DECIMAL CLASSIFICATION NUMBER
Classification number 347.9
100 1# - MAIN ENTRY--PERSONAL NAME
Personal name Dubey, Harihar Prasad,
Dates associated with a name 1922-
245 12 - TITLE STATEMENT
Title A short history of the judicial systems of India and some foreign countries.
260 ## - PUBLICATION, DISTRIBUTION, ETC.
Place of publication, distribution, etc. Bombay,
Name of publisher, distributor, etc. N. M. Tripathi
Date of publication, distribution, etc. [1968]
300 ## - PHYSICAL DESCRIPTION
Extent xliv, 655 p.
Dimensions 23 cm.
350 ## - PRICE (NR) (BK AM CF MU VM SE) [OBSOLETE]
Price 36.00
504 ## - BIBLIOGRAPHY, ETC. NOTE
Bibliography, etc. note Bibliography: p. 617-622.
650 #0 - SUBJECT ADDED ENTRY--TOPICAL TERM
Topical term or geographic name entry element Courts
Geographic subdivision India.
650 #0 - SUBJECT ADDED ENTRY--TOPICAL TERM
Topical term or geographic name entry element Courts.

No items available.

Powered by Koha